000 00688nam a22002177a 4500
001 86620
003 UA-OsUOA
005 20211024113326.0
007 ta
008 20120910b un ||||| |||| 00| 0 ukr d
040 _aUA-OsUOA
_brus
_cUA-OsUOA
_dUA-OsUOA
041 _arus
080 _a94(47+57)
090 _a94(47+57)
_bС28
245 _aVI конгресс Коммунистического Интернационала и борьба против фашизма и войны
_bсборник документов
_cШириня К. К.
260 _aМ.
_bПолитиздат
_c1975
300 _a527 с.
650 7 _a94 Історія
_2UDC
942 _cBK
_2udc
955 _a1
999 _c372683
_d372683